Representation theory of infinite groups and finite quasigroups /
Guardado en:
| Autor Principal: | |
|---|---|
| Formato: | Libro |
| Idioma: | English |
| Publicado: |
Montréal, Québec, Canada :
Presses de l'Université de Montréal,
1986.
|
| Series: | Séminaire de mathématiques supérieures ;
101 |
| Materias: | |
| Etiquetas: |
Agregar Etiqueta
Sin Etiquetas, Sea el primero en etiquetar este registro!
|
| LEADER | 01026cam a2200241 a 4500 | ||
|---|---|---|---|
| 001 | MAT.inmabb005314 | ||
| 008 | 880908s1986####quc######b####001#0#eng## | ||
| 005 | 20130412085636.0 | ||
| 245 | 1 | 0 | |a Representation theory of infinite groups and finite quasigroups / |c Jonathan D. H. Smith. |
| 260 | |a Montréal, Québec, Canada : |b Presses de l'Université de Montréal, |c 1986. | ||
| 300 | |a 132 p. ; |c 28 cm. | ||
| 440 | 0 | |a Séminaire de mathématiques supérieures ; |v 101 | |
| 504 | |a Incluye referencias bibliográficas (p. [128]-129) e índice. | ||
| 505 | 0 | |a Quasigroups and universal algebra -- Multiplication groups -- Quasigroup modules -- Varieties of quasigroups -- Combinatorial character theory -- Analytical character theory. | |
| 510 | 4 | |a MR, |c 88a:20088 | |
| 020 | |a 2760607763 | ||
| 100 | 1 | |a Smith, Jonathan D. H., |d 1949- | |
| 650 | 0 | |a Representations of groups. | |
| 650 | 0 | |a Quasigroups. | |
| 084 | |a 20N05 (20C99) |2 msc2000 | ||
| 010 | |a 87160928 | ||
| 040 | |a DLC |c DLC |d DLC | ||
| 859 | |h 20 |i Sm642 |p A-6068 |b BIB. MATEMATICA | ||
